| 000 | 00978nas a2200253 a 4500 | ||
|---|---|---|---|
| 999 |
_c17283 _d17283 |
||
| 005 | 20180518073319.0 | ||
| 008 | 900820c19869999gw qr p 0 u0eng d | ||
| 022 | _a0932-4569 | ||
| 040 |
_aDLC _cDLC _dNST _dDLC _dHUL _dCO-BoIAVH |
||
| 041 | 0 | _aeng | |
| 044 | _agx | ||
| 090 | _aSE | ||
| 245 | 0 | 0 |
_aJournal of institutional and theoretical economics : _bJITE = Zeitschrift für die gesamte Staatswissenschaft |
| 246 | 1 | 1 | _aZeitschrift für die gesamte Staatswissenschaft |
| 246 | 1 | 0 | _aJITE |
| 260 |
_aTübingen (Alemania) : _bMohr, _c1986-. |
||
| 300 | _c24 cm. | ||
| 650 | 2 | 6 |
_aEconomía _vPublicaciones periódicas |
| 650 | 2 | 6 |
_aEconomía industrial _vPublicaciones periódicas |
| 650 | 2 | 6 |
_aCiencia política _vPublicaciones periódicas |
| 650 | 2 | 6 |
_aCiencias sociales _vPublicaciones periódicas |
| 780 | 0 | 0 |
_tZeitschrift für die gesamte Staatswissenschaft _x0044-2550 _w(DLC) 07037628 _w(OCoLC)1770456 _w(UkOxU)010315999 |
| 942 |
_2z _cREVISTA |
||